| 000 | 00646nam a22002297a 4500 | ||
|---|---|---|---|
| 003 | OSt | ||
| 005 | 20220107122833.0 | ||
| 008 | 170818b xxu||||| |||| 00| 0 eng d | ||
| 020 | _a9789352133536 | ||
| 040 | _cIIITMK | ||
| 082 | _a006.3 BHA/A | ||
| 100 |
_aBhattacharjee, Subhashree _912815 |
||
| 245 | _aArtificial intelligence for students | ||
| 260 |
_aMumbai, _bShroff publishers, _c2016. |
||
| 300 | _axvi, 240p. | ||
| 650 |
_aCOMPUTER SCIENCE _912816 |
||
| 650 |
_aARTIFICIAL INTELLIGENCE _912817 |
||
| 650 |
_aLOGIC PROGRAMMING _912818 |
||
| 650 |
_aMACHINE LEARNING _912819 |
||
| 650 |
_aGENETIC ALGORITHMS _912979 |
||
| 942 |
_2ddc _cBK |
||
| 999 |
_c5831 _d5831 |
||